K ekonomické reformě.

Kritický názor na transformáciu ekonomiky. Dvojročná aplikácia monetarizmu a neoklasickej ekonómie nepriniesla pozoruhodné výsledky. Existovanie na úkor budúcich generácií sa prehlbuje, morálny profil spoločnosti sa výrazne zhoršuje, veľká časť podnikovej sféry je v kríze, vyvážajú sa naďalej surovi...

Description complète

Enregistré dans:
Détails bibliographiques
Auteur principal: Šíba, V.
Format: Chapitre de livre
Langue:tchèque
Sujets:
Tags: Ajouter un tag
Pas de tags, Soyez le premier à ajouter un tag!

MARC

LEADER 00000naa a2200000 4500
001 r010993
005 20220826093422.7
041 0 |a cze 
044 |a [CS] 
245 1 0 |a K ekonomické reformě.  |c V. Šíba 
520 |a Kritický názor na transformáciu ekonomiky. Dvojročná aplikácia monetarizmu a neoklasickej ekonómie nepriniesla pozoruhodné výsledky. Existovanie na úkor budúcich generácií sa prehlbuje, morálny profil spoločnosti sa výrazne zhoršuje, veľká časť podnikovej sféry je v kríze, vyvážajú sa naďalej suroviny devastujúce prírodné prostredie, vysoká nákladovosť v poľnohospodárstve a nadmerná energetická náročnosť pokračujú. Základné prvky alternatívnych riešení aktívnej opozície. 
610 2 0 |a reformy hospodárske 
610 2 0 |a ČSFR 
610 2 0 |a Čechy 
610 2 0 |a transformácia 
610 2 0 |a politika hospodárska 
610 2 0 |a vláda 
610 2 0 |a kritika 
100 1 |a Šíba, V.